| 000 | 00501nam a2200205Ia 4500 | ||
|---|---|---|---|
| 003 | OSt | ||
| 005 | 20250205101133.0 | ||
| 008 | 210210b1978 xxu||||| |||| 00| 0 eng d | ||
| 040 | _cAL | ||
| 041 | _aKannada | ||
| 082 | _aK894.4 SIPS | ||
| 100 |
_aSI PI KE. _9197677 |
||
| 245 |
_aSamahara. _bಸಂಹಾರ |
||
| 260 |
_aMaisuru _bChitrabhanu Prakashana _c1978 |
||
| 300 | _aiv,112 | ||
| 650 |
_aVivekananda _9197678 |
||
| 690 |
_aKannada Prose _9197679 |
||
| 906 | _aSG01715 | ||
| 942 |
_2ddc _cBK |
||
| 999 |
_c112935 _d112935 |
||